Nanaimo Quiz - Statistics

General Stats
  • This quiz has been taken 25 times
  • The average score is 9 of 15
Answer Stats
Hint Answer % Correct
No bake dessert consisting of three layers Nanaimo bar
95%
Ferry terminal location {Duke} Point
79%
Body of water between Nanaimo and Vancouver {Georgia} Strait
79%
University previously known as Malaspina College {Vancouver Island} University
79%
Unusual vehicle used for annual race, beginning in 1969 Bathtub
74%
Natural resource which led to settlement Coal
74%
Ferry terminal location {Departure} Bay
74%
Mountain 9 km west of Nanaimo Mount {Benson}
68%
Tower built to defend the mine in 1855 Nanaimo {Bastion}
63%
Island in Nanaimo Harbour {Newcastle} Island
63%
Island in Nanaimo Harbour {Protection} Island
58%
Bird sanctuary in central Nanaimo {Buttertubs} Marsh
47%
Indigenous people of the region Snuneymuxw (Meeting Place)
37%
Year of European settlement 1852
21%
Warm climate classification, according to Köppen warm-summer {Mediterranean} zone
21%
No matching quizzes found
Score Distribution
Percent of People with Each Score
Percentile by Number Answered
Your Score History
You have not taken this quiz